| 000 | 00605nam a2200217Ia 4500 | ||
|---|---|---|---|
| 003 | OSt | ||
| 005 | 20220928133212.0 | ||
| 006 | a|||||r|||| 00| 0 | ||
| 007 | ta | ||
| 008 | 220927b |||||||| |||| 00| 0 eng d | ||
| 024 | _a91516 | ||
| 037 | _cReference Collections | ||
| 040 |
_aSDCL _cSDCL _beng |
||
| 041 |
_2eng _aeng |
||
| 082 | _aY:1k2, M, N7.2-.3 RR | ||
| 100 | _aNagori S L | ||
| 245 | 0 | _aBhartiya sanskriti ka virhat itihas. | |
| 260 |
_aJaipur _bPointer _c1997 |
||
| 942 |
_hY:1k2, M, N7.2-.3 RR _cREF _2CC |
||
| 999 |
_c798281 _d798281 |
||